Cesta k miliarde
Rozhovor so spolumajiteľom a CEO Esetu Richardom Markom. Čo všetko riešia antivírusové firmy. Komplexnosť problematiky bezpečnosti IT. V čom je potenciál Esetu. Piaty hráč na svete. Eset v číslach.
Enregistré dans:
| Auteur principal: | |
|---|---|
| Autres auteurs: | , |
| Format: | Chapitre de livre |
| Langue: | slovaque |
| Sujets: | |
| Tags: |
Pas de tags, Soyez le premier à ajouter un tag!
|
MARC
| LEADER | 00000naa a2200000 4500 | ||
|---|---|---|---|
| 001 | 0207837 | ||
| 005 | 20231013091653.8 | ||
| 041 | 0 | |a slo | |
| 044 | |a SK | ||
| 245 | 1 | 0 | |a Cesta k miliarde |c Juraj Porubský, Peter Matijek, Richard Marko |
| 520 | |a Rozhovor so spolumajiteľom a CEO Esetu Richardom Markom. Čo všetko riešia antivírusové firmy. Komplexnosť problematiky bezpečnosti IT. V čom je potenciál Esetu. Piaty hráč na svete. Eset v číslach. | ||
| 610 | 2 | 0 | |a technológie informačné |
| 610 | 2 | 0 | |a technológie komunikačné |
| 610 | 2 | 0 | |a bezpečnosť informačná |
| 610 | 2 | 0 | |a softvér |
| 610 | 2 | 0 | |a firmy |
| 610 | 2 | 0 | |a tržby |
| 610 | 2 | 0 | |a výskum |
| 100 | 1 | |a Porubský, Juraj | |
| 700 | 1 | |a Matijek, Peter | |
| 700 | 1 | |a Marko, Richard | |